000 00317nam a2200121Ia 4500
005 20251222154342.0
008 251222s9999||||xx |||||||||||||| ||spa||
082 _a150.195/F83E
100 _a"Freud, Sigmund"
245 0 _aEnsayos sobre la vida sexual y la teoría de las neurósis
250 _a8a.ed.
942 _cLIB
999 _c34561
_d34561